000 00870nam a2200241Ia 4500
003 OSt
005 20220923220955.0
006 a|||||r|||| 00| 0
007 ta
008 220922b |||||||| |||| 00| 0 hin d
024 _a193,109
037 _cTextual
040 _aARTS
_cARTS
_bhin
041 _2hin
_ahin
082 _aV2:2.N7, 152L3
100 _aदरड़ा, रणजीत सिंह
_9156274
245 0 _aभारतीय संविधान
_b स्वरूप एवं व्यवहार
246 _aBhāratīya sanvidhāna: svarūp evan vyavahāra
260 _aजयपुर
_b राजस्थान हिन्दी ग्रंथ अकादमी
_c1973
300 _a378पृ.
_ccm.
942 _hV2:2.N7, 152L3
_cTEXL
_2CC
999 _c345600
_d345600